000
00446nam a2200169Ia 4500
008
090711s9999 xx 000 0 und d
082
_b
55809
100
_a
थोरे अशोक
245
_a
ललाट रेषा
260
_c
1987
300
_a
160
600
_a
थोरे अशोक
630
_a
ललाट रेषा
700
_a
थोरे अशोक
730
_a
ललाट रेषा
942
_c
BOOK
999
_c
303084
_d
303084